000 00338nam a2200133Ia 4500
005 20260326235438.0
008 260326s9999||||xx |||||||||||||| ||und||
100 _aFrazier, Nancy
245 0 _aLouis Sullivan and the Chicago School /
_cNancy Frazier
260 _bCrescent Books
300 _a112 p.
650 _aARQUITECTOS
942 _cBK
999 _c7299
_d7299